| Registos Bibliográficos associados ao registo de autoridade |
|
Etiqueta de registo: 00254nam 2200025 450 001 2171870 003 http://id.bnportugal.gov.pt/bib/catbnp/2171870 010 ## $a978-989-35159-6-9 021 ## $aPT$b526803/24 100 ## $a20240704d2024 m d0pory01030103ba 101 0# $apor$aeng 102 ## $aPT 105 ## $aa b 000yy 106 ## $ar 200 1# $aEndogenias$fartistas Álvaro Queirós... [et al.]$gfot. Marco Mourão$gtrad. Paulo Martins, Rita Fonseca 210 #9 $aVila Nova de Cerveira$cFundação Bienal de Arte de Cerveira,$d2024 215 ## $a37, [3] p.$cil.$d30 cm 305 ## $aEd. bilingue em português e inglês 675 ## $a73/77A/Z"19/20"(083.82)$vBN$zpor$31363665 701 #1 $aQueirós,$bÁlvaro,$f1949$4040$31920688 702 #1 $aMourão,$bMarco$4600$31925345 702 #1 $910$aMartins,$bPaulo$4730$31354417 702 #1 $aFonseca,$bRita$4730$31178878 801 #0 $aPT$bBN$gRPC 856 41 $uhttp://rnod.bnportugal.gov.pt/ImagesBN/winlibimg.aspx?skey=&doc=2171870&img=195948&save=true 900 ## $aBIBNAC$d20240820 966 ## $lBN$mFGMON$sB.A. 51351 V.$x1 966 ## $lBN$mFGMON$sB.A. 51351 V.-D$x1 971 ## $cabrito$d20240704 972 ## $d20240820$e0$vlrevez$z0 973 ## $ctrodrigues$d20240719
Etiqueta de registo: 00254nam 2200025 450 001 2207576 003 http://id.bnportugal.gov.pt/bib/catbnp/2207576 010 ## $a978-989-35966-1-6 021 ## $aPT$b541311/24 100 ## $a20250311d2024 m y0pory01030103ba 101 0# $apor$aeng 102 ## $aPT 105 ## $aa z 000yy 106 ## $ar 200 1# $aLivre trânsito - ciclo permanente de residências e intervenções artísticas$fartistas Alexandra Ferreira... [et al.]$gfot. Marco Mourão$gtrad. Paulo Martins 210 #9 $aVila Nova de Cerveira$cFundação Bienal de Arte de Cerveira,$d2024 215 ## $a39, [1] p$cil.$d30 cm 305 ## $aEd. bilingue em português e inglês 675 ## $a7.07(469.111)"2023/2024"(042)$vBN$zpor$31951004 675 ## $a7A/Z(469.111)"2023/2024"(083.97)$vBN$zpor$31972657 675 ## $a7.038.5A/Z"19/20"(042)$vBN$zpor$31825883 702 #1 $aFerreira,$bAlexandra,$f1981-$4040$31212367 702 #1 $aMourão,$bMarco$4600$31925345 702 #1 $910$aMartins,$bPaulo$4730$31354417 801 #0 $aPT$bBN$gRPC 856 41 $uhttp://rnod.bnportugal.gov.pt/ImagesBN/winlibimg.aspx?skey=&doc=2207576&img=206523&save=true 900 ## $aBIBNAC$d20250410 966 ## $lBN$mFGMON$sB.A. 52179 V.$x1 966 ## $lBN$mFGMON$sB.A. 52179 V.-D$x1 971 ## $ciquintas$d20250311 972 ## $e0$z0$d20250410$vasantos 973 ## $ctrodrigues$d20250403
Etiqueta de registo: 00254nam 2200025 450 001 2284084 003 http://id.bnportugal.gov.pt/bib/catbnp/2284084 010 ## $a978-989-35966-2-3 021 ## $aPT$b549332/25 100 ## $a20260410d2025 m d0pory01030103ba 101 0# $apor$aeng 102 ## $aPT 105 ## $aa b 000yy 106 ## $ar 200 1# $aPessoas que vi mas nunca conheci$dPeople saw but never met$fZadok Ben-David$gfot. Luís Lagadouro, Marco Mourão$gtrad. Paulo Martins$zeng 210 #9 $aVila Nova de Cerveira$cFundação Bienal de Arte de Cerveira,$d2025 215 ## $a38, [2] p.$cil.$d21 cm 305 ## $aEd. bilingue em português e inglês 510 1# $aPeople saw but never met$zeng 700 #1 $aBen-David,$bZadok,$f1949-$31904255 702 #1 $aLagadouro,$bLuís$4600$31995348 702 #1 $aMourão,$bMarco$4600$31925345 702 #1 $910$aMartins,$bPaulo$4730$31354417 801 #0 $aPT$bBN$gRPC 966 ## $lBN$mFGMON$x1 966 ## $lBN$mFGMON$x1 971 ## $cabrito$d20260410
|
|
|